000 00625nas a2200229Ia 4500
001 dd39-53587
003 IT-MiCISF
005 20251114134633.0
008 161014c99999999xx |||||||||||| ||und||
040 _aIT-MiCISF
_cIT-MiCISF
041 _ait
100 _aBasso Aldo
_962602
245 0 _aDinamiche di vita famigliare e loro riflessi nella vita dei bambini
250 _a"Prima i bambini", n. 229
260 _c2015
300 _app. 19-38
500 _afamiglia, separazione, figli-divorzio, educazione-bambini, scuola
650 _aFamiglia
654 _aarticolo
942 _cCR
_2ddc
999 _c219637
_d219637
999 _bSi